| 000 | 00753nam a22001937a 4500 | ||
|---|---|---|---|
| 003 | BD-DhUL | ||
| 005 | 20160821175327.0 | ||
| 008 | 160412s1987 bg ||||| |||| 001 0 ben d | ||
| 040 |
_aBD-DhUL _cBD-DhUL |
||
| 082 | 0 |
_a954.92 _bIBB |
|
| 100 | 1 | _aতারিখ ইব্রাহিম | |
| 245 | 1 | 0 |
_aবিশ্বাসহীনতার রাজনীতি / _cতারিখ ইব্রাহিম |
| 260 |
_aকলিকাতা : _bসূর্যমুখী, _c১৯৮৭। |
||
| 300 |
_a২২৪ পৃ. ; _c ২২ সেমি |
||
| 504 | _aগ্রন্থপঞ্জিগত তথ্য ও নির্ঘন্ট সংবলিত | ||
| 650 | 1 | _aবাংলাদেশ | |
| 650 | 1 | _aBangladesh | |
| 942 |
_2ddc _cBK |
||
| 999 |
_c100052 _d100052 |
||